00741nam a2200169 a 450000500170000000800410001705000250005824500110008326000310009430000230012544000320014852001930018065000320037365000310040599900190043695201160045520140412111331.0030206s19uu xx 00 eng d aM 664.722bBr74 1986 aBread. aLondon :bA Mushroom Book. a1 v. (unp.) ; ill. aFirst Facts, Bk. 2 Series 1 aGrains usually sown during the first days of the month of October, in fields which have already been ploughed. At this time the soil is warm enough to make the seeds swell and split open. aGrains--Juvenile literature aBread--Juvenile literature c104927d104927 00104050aELbELcMd2003-02-06eDonationl0oM 664.722 Br74 1986pE9065r2014-04-12 00:00:00w2014-04-12yBK